000 00324 a2200133 4500
001 65719
040 _cAnchieta - Pituba
240 1 0 _aAvaliação multidisciplinar, 3ª série, 2018
_lpor
245 1 0 _aAvaliação multidisciplinar, 3ª série, 2018
300 _a22
362 0 _a2018
650 4 _aEducação
942 _cBK
999 _c65719
_d65719